Statistics for Jetpunk中好用的国家简称 Useful country abbreviations in Jetpunk

Click here to take the quiz!

General Stats

  • This quiz has been taken 90 times
    (87 since last reset)
  • The average score is 14 of 25

Answer Stats

字母数国家汉语Englishabbreviations% Correct
3阿拉伯联合酋长国United Arab EmiratesUAE
99%
2英国United KingdomUK
99%
2多米尼加共和国Dominican RepublicDR
96%
2新西兰New ZealandNZ
96%
3中非共和国Central African RepublicCAR
94%
3密克罗尼西亚联邦Federated States of MicronesiaFSM
93%
3巴布亚新几内亚Papua New GuineaPNG
93%
3美国United StatesUSA
91%
3刚果(金)Democratic Republic of the CongoDRC
89%
3中国ChinaPRC
74%
4朝鲜North KoreaDPRK
54%
6波斯尼亚和黑塞哥维那Bosnia and HerzegovinaBosnia
49%
7安提瓜和巴布达Antigua and BarbudaAntigua
44%
5刚果(布)Republic of the CongoCongo
44%
7圣多美和普林西比São Tomé and PríncipeSão Tomé
44%
8特立尼达和多巴哥Trinidad and TobagoTrinidad
44%
7捷克共和国Czech RepublicCzechia
36%
3韩国South KoreaROK
36%
5缅甸MyanmarBurma
35%
7圣基茨和尼维斯Saint Kitts and NevisSt Kitts
34%
9圣文森特和格林纳丁斯Saint Vincent and the GrenadinesSt Vincent
34%
3沙特阿拉伯Saudi ArabiaKSA
16%
5北马其顿North MacedoniaFYROM
9%
8哈萨克斯坦KazakhstanKazastan
3%
9吉尔吉斯斯坦KyrgyzstanKirgistan
0%

Score Distribution

Percentile by Number Answered

Percent of People with Each Score

Your Score History

You have not taken this quiz since the last reset